| 000 | 01104nam a2200229Ia 4500 | ||
|---|---|---|---|
| 003 | Ost | ||
| 005 | 20260507075802.0 | ||
| 008 | 260507s9999||||xx |||||||||||||| ||und|| | ||
| 020 | _a9789931384021 | ||
| 040 | _cfsecg | ||
| 041 | _aara | ||
| 082 | _a390.023 | ||
| 100 |
_aبشاري، لطيفة _eمؤلف |
||
| 245 | 0 |
_aالعلاقات التجارية للمغرب الأوسط / _c لطيفة بشاري |
|
| 260 |
_aالجزائر : _bمنشورات وزارة الشؤون الدينية والأوقاف, _c2011 |
||
| 300 |
_a349 صفحة؛ _bإيضاحات ؛ _c24 سم |
||
| 504 | _aبيبليوغرافيا: ص ص.285-302 | ||
| 520 | _aيضم تلمسان قاعدة المغرب الأوسط، النقل التجاري بين إمارة تلمسان والبلدان المتعاملة معها، الحركة التجارية بين إمارة بني عبد الواد وبعض بلدان العالم، الممارسة التجارية في دولة بني عبد الواد، تنظيم التجارة. | ||
| 653 | _aالتجارة | ||
| 653 | _aالنقل | ||
| 942 | _cكتاب | ||
| 999 |
_c46302 _d46302 |
||